| 000 | 01210nam0a2200361 4500 | ||
|---|---|---|---|
| 001 | RU\NLR\bibl\444326 | ||
| 005 | 20250623175858.0 | ||
| 010 |
_a5-94621-041-6 _91000 |
||
| 021 |
_aRU _b2003-34190 _91619 |
||
| 035 | _a(NLR Aleph) 000438025 | ||
| 090 |
_a796333 _c796333 |
||
| 100 | _a20030908d2002 |||y0rusy50 ca | ||
| 101 | 0 | _arus | |
| 102 | _aRU | ||
| 105 | _ay ||||||||| | ||
| 200 | 1 |
_aГлобализация мирового развития и межгосударственная эксплуатация _fЛ. С. Гринкевич |
|
| 210 |
_aТомск _cТГУ _d2002 |
||
| 215 |
_a80,[1] с. _d21 |
||
| 320 | _aБиблиогр.: с. 79-80 | ||
| 606 | 0 |
_aМировое хозяйство _xГлобализация _92086980 _3RU\NLR\auth\661263131 |
|
| 610 | 0 | _aГлобализация | |
| 610 | 0 | _aМировое хозяйство | |
| 675 |
_a339.94 _v3 _zrus |
||
| 686 |
_a06.51 _2rugasnti |
||
| 686 |
_a65.5 _2rubbk |
||
| 686 | _aУ58 | ||
| 700 | 1 |
_aГринкевич _bЛ. С. _gЛариса Сергеевна _4070 |
|
| 801 | 0 |
_aRU _bRKP _c20030908 _gPSBO |
|
| 801 | 1 |
_aRU _bRKP _c20030908 |
|
| 801 | 2 |
_aRU _bNLR _c20031120 _grcr |
|
| 942 | _cBOOK | ||
| 980 | _aNB | ||